[Event "9th Eksjo it"]
[Site "Eksjo SWE"]
[Date "1981.08.??"]
[Round "1"]
[White "Karlsson, Lars"]
[Black "Kaiszauri, Konstanty"]
[Result "0-1"]
[WhiteElo "2460"]
[BlackElo "2370"]
[EventDate "1981.08.19"]
[PlyCount "66"]

1. c4 e5 2. g3 Nc6 3. Bg2 d6 4. Nc3 g6 5. Rb1 a5 6. a3 Bg7 7. b4 axb4 8. axb4 Nf6 9. d3 O-O 10. b5 Ne7 11. e4 c6 12. Nge2 d5 13. bxc6 bxc6 14. exd5 cxd5 15. Be3 Be6 16. Bb6 Qd7 17. Nb5 Bh3 18. Bxh3 Qxh3 19. Bc5 Qd7 20. O-O Qh3 21. f3 Nf5 22. Bf2 Bh6 23. Nec3 dxc4 24. Qe2 cxd3 25. Qxe5 Rfe8 26. Qxf6 Re6 27. Qxe6 fxe6 28. f4 e5 29. Nc7 Rc8 30. N7d5 exf4 31. Rb7 Kh8 32. gxf4 Bg7 33. Nb6 Qg4+ 0-1

[Event "9th Eksjo it"]
[Site "Eksjo SWE"]
[Date "1981.08.??"]
[Round "1"]
[White "Moen, Ole Christian"]
[Black "Ornstein, Axel"]
[Result "1-0"]
[WhiteElo "2315"]
[BlackElo "2480"]
[EventDate "1981.08.19"]
[PlyCount "63"]

1. e4 e6 2. d4 d5 3. Nc3 Bb4 4. Bd3 dxe4 5. Bxe4 Nf6 6. Bg5 c5 7. dxc5 Qxd1+ 8. Rxd1 Nbd7 9. Bf3 Bxc3+ 10. bxc3 Nxc5 11. Be3 Nce4 12. Bd4 Bd7 13. Ne2 Bc6 14. Ng3 O-O-O 15. Nxe4 Bxe4 16. Bxe4 Nxe4 17. Rd3 Nf6 18. Bxa7 Rxd3 19. cxd3 Kc7 20. Bc5 Rd8 21. Ke2 Nd5 22. Kd2 Nf4 23. Bd4 Nxd3 24. Kxd3 e5 25. Re1 exd4 26. Re7+ Kd6 27. Rxf7 Ra8 28. cxd4 Rxa2 29. Rxb7 g6 30. Ke3 Ra3+ 31. Kf4 Ra2 32. Kg3 1-0

[Event "9th Eksjo it"]
[Site "Eksjo SWE"]
[Date "1981.08.??"]
[Round "1"]
[White "Nun, Josef"]
[Black "Wedberg, Tom"]
[Result "1/2-1/2"]
[WhiteElo "2390"]
[BlackElo "2420"]
[EventDate "1981.08.19"]
[PlyCount "100"]

1. d4 Nf6 2. Nf3 e6 3. Bg5 h6 4. Bh4 d5 5. Nbd2 Be7 6. e3 O-O 7. Bd3 b6 8. Ne5 Nfd7 9. Bxe7 Qxe7 10. f4 Ba6 11. Bxa6 Nxa6 12. O-O Nxe5 13. fxe5 c5 14. c3 Nb8 15. Qg4 Nd7 16. Rae1 f5 17. Qe2 b5 18. Kh1 Rab8 19. g4 Kh7 20. Rg1 g6 21. gxf5 exf5 22. Qg2 Qe6 23. Qh3 Rf7 24. Nf3 Kg7 25. Rxg6+ Qxg6 26. Rg1 Qxg1+ 27. Kxg1 Rb6 28. Nh4 Kh7 29. Kf2 b4 30. cxb4 Nf8 31. Qf3 cxd4 32. exd4 Rxb4 33. Qxd5 Rxb2+ 34. Kf3 Rc7 35. Nxf5 Rxh2 36. Ne3 Ng6 37. e6 Rh3+ 38. Kf2 Rh2+ 39. Kg3 Re2 40. Kf3 Rd2 41. Qd6 Rb7 42. Qd5 Nh4+ 43. Ke4 Rg7 44. Qh5 Ng2 45. Qf5+ Kg8 46. Ng4 Rxa2 47. Nf6+ Kh8 48. Qd5 Re2+ 49. Kf3 Re3+ 50. Kf2 Re2+ 1/2-1/2

[Event "9th Eksjo it"]
[Site "Eksjo SWE"]
[Date "1981.08.??"]
[Round "1"]
[White "Renman, Nils-Gustaf"]
[Black "Spasov, Luben"]
[Result "0-1"]
[WhiteElo "2400"]
[BlackElo "2460"]
[EventDate "1981.08.19"]
[PlyCount "110"]

1. d4 Nf6 2. c4 e6 3. Nf3 d5 4. Nc3 c6 5. Bg5 h6 6. Bxf6 Qxf6 7. e3 Bd6 8. Be2 Qe7 9. O-O dxc4 10. Bxc4 Nd7 11. e4 e5 12. d5 O-O 13. h3 Rd8 14. Rc1 Nf8 15. Qc2 Qf6 16. Nh2 Ng6 17. dxc6 bxc6 18. Ne2 Bc7 19. Rcd1 Rxd1 20. Qxd1 Bb6 21. Qb3 Bd7 22. Qf3 Qe7 23. Rd1 Rd8 24. Nf1 Be8 25. Rxd8 Qxd8 26. g3 Qd6 27. Kg2 Nf8 28. Ne3 g6 29. Ng4 Kg7 30. Qc3 Nd7 31. Qc1 h5 32. Qh6+ Kg8 33. Ne3 Qf6 34. g4 h4 35. Ng1 Bd8 36. Nf3 Qg7 37. Qxg7+ Kxg7 38. g5 Nc5 39. Nxe5 Bxg5 40. Nf3 Nxe4 41. Nxg5 Nxg5 42. f4 Ne4 43. Kf3 Nf6 44. Ng4 Nd5 45. a3 f6 46. Bxd5 cxd5 47. Ke3 Bd7 48. Nh2 Bxh3 49. Nf3 Bf5 50. Nxh4 Be4 51. b4 g5 52. fxg5 fxg5 53. Nf3 Bxf3 54. Kxf3 Kf6 55. b5 Ke5 0-1

[Event "9th Eksjo it"]
[Site "Eksjo SWE"]
[Date "1981.08.??"]
[Round "1"]
[White "Schneider, Lars-Ake"]
[Black "Rantanen, Yrjo"]
[Result "1/2-1/2"]
[WhiteElo "2410"]
[BlackElo "2465"]
[EventDate "1981.08.19"]
[PlyCount "62"]

1. b3 d5 2. Bb2 e6 3. Nf3 Nf6 4. g3 Be7 5. Bg2 O-O 6. O-O b5 7. c4 c6 8. d3 a5 9. Qc2 Qb6 10. Rc1 Nbd7 11. Nbd2 Ba6 12. Rab1 Rfc8 13. h3 Qd8 14. e4 Qf8 15. Nd4 Bc5 16. Qd1 dxc4 17. dxc4 e5 18. N4f3 Qe7 19. Qe2 Ne8 20. Nf1 bxc4 21. bxc4 Nd6 22. N3d2 a4 23. h4 Rcb8 24. Bh3 f6 25. Qd3 Nf8 26. Kg2 Rb7 27. Qc2 a3 28. Ba1 Rxb1 29. Rxb1 Qa7 30. Qa4 Bxc4 31. Qxa7 Rxa7 1/2-1/2

[Event "9th Eksjo it"]
[Site "Eksjo SWE"]
[Date "1981.08.??"]
[Round "2"]
[White "Forintos, Gyozo"]
[Black "Renman, Nils-Gustaf"]
[Result "0-1"]
[WhiteElo "2460"]
[BlackElo "2400"]
[EventDate "1981.08.19"]
[PlyCount "126"]

1. c4 Nf6 2. Nc3 e6 3. d4 Bb4 4. Qc2 O-O 5. Bd2 c5 6. a3 Bxc3 7. Bxc3 cxd4 8. Bxd4 d5 9. e3 Nc6 10. Bc3 e5 11. cxd5 Qxd5 12. Nf3 Be6 13. Be2 Rac8 14. Rd1 Qc5 15. O-O h6 16. Qa4 Nd5 17. Rc1 Qb6 18. Bb5 Nxc3 19. Rxc3 Nb8 20. Nxe5 a6 21. Rxc8 Rxc8 22. Bc4 Qxb2 23. Bxe6 fxe6 24. Qf4 Rf8 25. Qe4 b5 26. Nd3 Qb3 27. Nc5 Qxa3 28. Nxe6 Qe7 29. f4 Nd7 30. f5 Nc5 31. Nxc5 Qxc5 32. Qe6+ Kh7 33. Rf3 Rf6 34. Qe4 b4 35. g4 b3 36. Rf1 a5 37. h4 Qc6 38. Qd3 Qd6 39. Qxb3 Qg3+ 40. Kh1 Qh3+ 41. Kg1 Qg3+ 42. Kh1 Qxh4+ 43. Kg1 Qxg4+ 44. Kh2 Rxf5 45. Rxf5 Qxf5 46. Kg3 Qe4 47. Qc3 a4 48. Qc5 Qd3 49. Kf4 a3 50. Qa5 Qd6+ 51. Kf3 Qc6+ 52. e4 Qe6 53. Kg3 a2 54. Kh2 h5 55. Kg3 Kh6 56. Kh2 h4 57. Qd2+ g5 58. Qd4 Kg6 59. Qb2 Qa6 60. Qa1 g4 61. Kg1 h3 62. Kh2 Qe2+ 63. Kg3 Qf3+ 0-1

[Event "9th Eksjo it"]
[Site "Eksjo SWE"]
[Date "1981.08.??"]
[Round "2"]
[White "Ornstein, Axel"]
[Black "Karlsson, Lars"]
[Result "1-0"]
[WhiteElo "2480"]
[BlackElo "2460"]
[EventDate "1981.08.19"]
[PlyCount "107"]

1. Nf3 b6 2. c4 e6 3. g3 Bb7 4. Bg2 c5 5. O-O Nf6 6. Nc3 Be7 7. Re1 O-O 8. e4 d6 9. d4 cxd4 10. Nxd4 Qc8 11. Be3 Nbd7 12. f4 g6 13. Rc1 a6 14. Bf2 Rd8 15. f5 exf5 16. Nd5 Re8 17. exf5 Bd8 18. Rxe8+ Nxe8 19. fxg6 hxg6 20. Bh3 Bxd5 21. cxd5 Qb7 22. Bxd7 Qxd7 23. Qc2 Nf6 24. Qc6 Qxc6 25. dxc6 Rc8 26. Kg2 b5 27. Kf3 Nd5 28. a3 Bf6 29. a4 b4 30. Rc4 Rb8 31. Ke4 Nc7 32. Kd3 Kf8 33. Be1 a5 34. Nb5 d5 35. Rc5 Ne6 36. Rxd5 Bxb2 37. Bf2 Bf6 38. c7 Rc8 39. Bb6 b3 40. Bxa5 b2 41. Kc2 Ra8 42. Bb4+ Kg7 43. Ba3 Nxc7 44. Nxc7 Rxa4 45. Ne8+ Kh8 46. Nxf6 Rxa3 47. Kxb2 Rf3 48. Ng4 f5 49. Ne5 Rf2+ 50. Kc3 Rxh2 51. Nxg6+ Kg7 52. Ne7 Kf6 53. Nxf5 Rg2 54. Kd3 1-0

[Event "9th Eksjo it"]
[Site "Eksjo SWE"]
[Date "1981.08.??"]
[Round "2"]
[White "Rantanen, Yrjo"]
[Black "Wedberg, Tom"]
[Result "1/2-1/2"]
[WhiteElo "2465"]
[BlackElo "2420"]
[EventDate "1981.08.19"]
[PlyCount "191"]

1. e4 g6 2. d4 d6 3. Nc3 Bg7 4. Be3 Nf6 5. h3 c6 6. a4 O-O 7. g4 d5 8. e5 Ne4 9. Nxe4 dxe4 10. Bg2 c5 11. Bxe4 cxd4 12. Bxd4 Nc6 13. Bxc6 bxc6 14. Bc3 Qc7 15. Qe2 c5 16. h4 Rb8 17. f3 Rb6 18. Nh3 Rd8 19. a5 Rc6 20. Kf2 Rd4 21. Rae1 h6 22. Kg2 Bb7 23. Nf2 Rd8 24. Rd1 Rf8 25. Rhe1 Re6 26. Nd3 f6 27. Nf4 Rxe5 28. Bxe5 fxe5 29. Ne6 Qc8 30. Qc4 Bxf3+ 31. Kg3 e4 32. Nxf8+ Kxf8 33. Rxe4 Bxd1 34. Qf1+ Bf6 35. Qxd1 Qc7+ 36. Kh3 Qc6 37. Rf4 Kg7 38. Qf3 Qd6 39. c3 g5 40. hxg5 hxg5 41. Rf5 Qd2 42. Rxc5 Qxb2 43. Rd5 Qc2 44. Rf5 a6 45. Qe3 Qb1 46. Kg2 Qb2+ 47. Kg3 Qb8+ 48. Kf3 Qb7+ 49. Qe4 Qb3 50. Qd3 Qa3 51. Kg3 Qc1 52. Kg2 Qb2+ 53. Rf2 Qb7+ 54. Rf3 Qb2+ 55. Rf2 Qb7+ 56. Kf1 Qh1+ 57. Ke2 Qa1 58. Rf5 Qg1 59. Qe4 Qh2+ 60. Rf2 Qc7 61. Rf3 Qh2+ 62. Kd1 Qg1+ 63. Kc2 Qh2+ 64. Kc1 Qg1+ 65. Kb2 Qh2+ 66. Kb3 Qb8+ 67. Kc2 Qh2+ 68. Kb3 Qb8+ 69. Qb4 Qd8 70. Kc2 Qd5 71. Rf5 Qe6 72. Kb2 Qe2+ 73. Ka3 Qd1 74. Qc4 Qa1+ 75. Kb4 Qb1+ 76. Kc5 Qb7 77. Qd3 Qc7+ 78. Kb4 Qb7+ 79. Ka3 Qc6 80. Rf3 Qc5+ 81. Ka4 Qc6+ 82. Kb3 Qb7+ 83. Ka3 Qc7 84. Qd5 Qc8 85. Qf5 Qb8 86. Rh3 Qd6+ 87. Kb2 Qb4+ 88. Kc2 Qa4+ 89. Kd2 Qa2+ 90. Ke3 Qc4 91. Qd3 Qe6+ 92. Kf2 Qa2+ 93. Qe2 Qxa5 94. Qe3 Qa2+ 95. Kf3 Qb3 96. Kg2 1/2-1/2

[Event "9th Eksjo it"]
[Site "Eksjo SWE"]
[Date "1981.08.??"]
[Round "2"]
[White "Schneider, Lars-Ake"]
[Black "Moen, Ole Christian"]
[Result "1-0"]
[WhiteElo "2410"]
[BlackElo "2315"]
[EventDate "1981.08.19"]
[PlyCount "57"]

1. e4 e5 2. Nf3 Nc6 3. c3 Nf6 4. d4 d5 5. Bb5 exd4 6. e5 Ne4 7. Nxd4 Bd7 8. Bxc6 bxc6 9. O-O Be7 10. f3 Nc5 11. f4 f5 12. b4 Ne4 13. e6 Bc8 14. Nxf5 O-O 15. Qg4 Rxf5 16. Qxf5 Bf6 17. Qh3 d4 18. Qd3 Qd5 19. c4 Qxe6 20. Re1 Nc5 21. Qd2 Ne4 22. Qd3 Nc5 23. Qd1 Qxc4 24. bxc5 d3 25. Be3 Bxa1 26. Nd2 Qxa2 27. Qxa1 Qd5 28. Bf2 a5 29. Re7 1-0

[Event "9th Eksjo it"]
[Site "Eksjo SWE"]
[Date "1981.08.??"]
[Round "3"]
[White "Karlsson, Lars"]
[Black "Schneider, Lars-Ake"]
[Result "1/2-1/2"]
[WhiteElo "2460"]
[BlackElo "2410"]
[EventDate "1981.08.19"]
[PlyCount "30"]

1. c4 Nf6 2. g3 e6 3. Bg2 d5 4. Nf3 dxc4 5. Qa4+ Nbd7 6. Qxc4 c5 7. d3 a6 8. Qc2 b5 9. a4 Bb7 10. axb5 axb5 11. Rxa8 Bxa8 12. Nc3 Qb6 13. O-O Be7 14. Qb3 Nd5 15. Nd2 Nxc3 1/2-1/2

[Event "9th Eksjo it"]
[Site "Eksjo SWE"]
[Date "1981.08.??"]
[Round "3"]
[White "Moen, Ole Christian"]
[Black "Rantanen, Yrjo"]
[Result "0-1"]
[WhiteElo "2315"]
[BlackElo "2465"]
[EventDate "1981.08.19"]
[PlyCount "48"]

1. e4 c5 2. Nf3 g6 3. d4 cxd4 4. Nxd4 Bg7 5. Be2 Nc6 6. Be3 Nf6 7. Nc3 O-O 8. O-O d6 9. f4 Qb6 10. Qd3 Ng4 11. Nd5 Qd8 12. Bxg4 Bxg4 13. f5 Nxd4 14. Bxd4 Be2 15. Qc3 Rc8 16. Bxg7 Rxc3 17. f6 Rc7 18. fxe7 Rxe7 19. Bf6 Rfe8 20. Rf2 Bc4 21. Nxe7+ Rxe7 22. Rd1 Qc7 23. Rfd2 Rxe4 24. Rxd6 Qc5+ 0-1

[Event "9th Eksjo it"]
[Site "Eksjo SWE"]
[Date "1981.08.??"]
[Round "3"]
[White "Nun, Josef"]
[Black "Forintos, Gyozo"]
[Result "1-0"]
[WhiteElo "2390"]
[BlackElo "2460"]
[EventDate "1981.08.19"]
[PlyCount "103"]

1. d4 Nf6 2. Nf3 c5 3. c3 b6 4. Bf4 Bb7 5. e3 g6 6. h3 Bg7 7. Nbd2 O-O 8. Be2 d6 9. O-O Nbd7 10. Bh2 Rc8 11. a4 a6 12. Bc4 Nb8 13. Qe2 Bh6 14. Rfe1 Qe8 15. Bd3 Nd5 16. Be4 Qd7 17. Bxd5 Bxd5 18. e4 Bb7 19. Nc4 Qc7 20. d5 Rcd8 21. Rad1 b5 22. axb5 axb5 23. Ne3 Qb6 24. Ng4 Bg7 25. Bf4 h5 26. Ngh2 Rfe8 27. Qd2 Nd7 28. g4 Nf6 29. Bg5 Bc8 30. Bxf6 exf6 31. gxh5 Bxh3 32. Qf4 g5 33. Qg3 Bd7 34. Ng4 Ra8 35. Nfh2 Ra4 36. Qf3 Qd8 37. Nf1 f5 38. exf5 Rf4 39. Qg3 Bxf5 40. Nfe3 Bc8 41. f3 f5 42. Nf2 Be5 43. Ng2 Rg4 44. Nxg4 fxg4 45. Rxe5 Rxe5 46. fxg4 Re4 47. Re1 Rxg4 48. Qd3 Qf6 49. Re8+ Kg7 50. Rxc8 Ra4 51. Rc7+ Kf8 52. Qf1 1-0

[Event "9th Eksjo it"]
[Site "Eksjo SWE"]
[Date "1981.08.??"]
[Round "3"]
[White "Renman, Nils-Gustaf"]
[Black "Kaiszauri, Konstanty"]
[Result "1/2-1/2"]
[WhiteElo "2400"]
[BlackElo "2370"]
[EventDate "1981.08.19"]
[PlyCount "48"]

1. d4 Nf6 2. Nf3 e6 3. c4 Bb4+ 4. Bd2 Qe7 5. g3 O-O 6. Bg2 Bxd2+ 7. Qxd2 d6 8. Nc3 e5 9. O-O Re8 10. e4 Bg4 11. d5 a5 12. Ne1 Na6 13. Nd3 c6 14. f4 cxd5 15. cxd5 Bd7 16. a4 Nb4 17. h3 Rec8 18. fxe5 dxe5 19. Rf2 Rc4 20. Rd1 Rac8 21. Qe3 Rd4 22. Rfd2 Ne8 23. Nf2 Nd6 24. Bf1 h6 1/2-1/2

[Event "9th Eksjo it"]
[Site "Eksjo SWE"]
[Date "1981.08.??"]
[Round "3"]
[White "Wedberg, Tom"]
[Black "Spasov, Luben"]
[Result "1-0"]
[WhiteElo "2420"]
[BlackElo "2460"]
[EventDate "1981.08.19"]
[PlyCount "57"]

1. e4 c5 2. Nf3 d6 3. Nc3 Nc6 4. d4 cxd4 5. Nxd4 Nf6 6. Bc4 e6 7. Be3 Be7 8. Qe2 a6 9. O-O-O Qc7 10. Bb3 O-O 11. g4 Nd7 12. f4 Nc5 13. f5 b5 14. Kb1 Bd7 15. Nxc6 Qxc6 16. g5 Nxb3 17. axb3 b4 18. f6 Bd8 19. fxg7 Re8 20. Rhf1 Bb6 21. Qh5 Re7 22. Rf4 f5 23. gxf6 Be8 24. Qg4 Bxe3 25. fxe7 Bxf4 26. Qxf4 Bf7 27. Rxd6 Qe8 28. Qf6 bxc3 29. Rd8 1-0

[Event "9th Eksjo it"]
[Site "Eksjo SWE"]
[Date "1981.08.??"]
[Round "4"]
[White "Forintos, Gyozo"]
[Black "Wedberg, Tom"]
[Result "1-0"]
[WhiteElo "2460"]
[BlackElo "2420"]
[EventDate "1981.08.19"]
[PlyCount "80"]

1. d4 Nf6 2. c4 e6 3. Nc3 Bb4 4. Qc2 O-O 5. a3 Bxc3+ 6. Qxc3 b6 7. b4 Bb7 8. Nf3 d6 9. Bb2 Nbd7 10. e3 Ne4 11. Qc2 f5 12. Be2 Qe7 13. O-O Rac8 14. Rad1 c5 15. Qa4 Rc7 16. Qb3 Rfc8 17. Rc1 Qf7 18. Qd3 Qg6 19. Ne1 b5 20. dxc5 bxc4 21. Qd1 dxc5 22. Bxc4 cxb4 23. axb4 Nb6 24. Bd3 Rxc1 25. Bxc1 Nc3 26. Qd2 Ncd5 27. Bb2 Nc4 28. Bxc4 Rxc4 29. b5 Rb4 30. Qe2 Re4 31. Qd2 h6 32. Bd4 Rh4 33. f3 a6 34. Qa5 Qh5 35. bxa6 Rxh2 36. Qd8+ Kh7 37. axb7 f4 38. exf4 Nxf4 39. Qh8+ Kxh8 40. b8=Q+ Kh7 1-0

[Event "9th Eksjo it"]
[Site "Eksjo SWE"]
[Date "1981.08.??"]
[Round "4"]
[White "Kaiszauri, Konstanty"]
[Black "Nun, Josef"]
[Result "1/2-1/2"]
[WhiteElo "2370"]
[BlackElo "2390"]
[EventDate "1981.08.19"]
[PlyCount "31"]

1. e4 e5 2. Nf3 Nc6 3. Bb5 a6 4. Bxc6 dxc6 5. O-O Bd6 6. d4 exd4 7. Qxd4 f6 8. Nbd2 Be6 9. b3 Nh6 10. Nc4 Nf7 11. a4 O-O 12. Nxd6 cxd6 13. a5 Re8 14. Be3 d5 15. e5 c5 16. Qxc5 1/2-1/2

[Event "9th Eksjo it"]
[Site "Eksjo SWE"]
[Date "1981.08.??"]
[Round "4"]
[White "Moen, Ole Christian"]
[Black "Karlsson, Lars"]
[Result "1-0"]
[WhiteElo "2315"]
[BlackElo "2460"]
[EventDate "1981.08.19"]
[PlyCount "79"]

1. e4 c5 2. Nf3 Nc6 3. d4 cxd4 4. Nxd4 g6 5. Be2 Bg7 6. Be3 Nf6 7. Nc3 O-O 8. O-O d6 9. f4 Qb6 10. Qd3 Qc7 11. Rad1 Bg4 12. Kh1 Bxe2 13. Qxe2 a6 14. Nxc6 bxc6 15. Bd4 Nd7 16. Bxg7 Kxg7 17. Rd3 Rab8 18. b3 Qa5 19. Qf2 Nf6 20. Rh3 Rb4 21. Qe2 Qc5 22. Na4 Qa5 23. Re3 e6 24. c4 d5 25. e5 Ne4 26. Qe1 Rxa4 27. bxa4 Qxa4 28. Rxe4 dxe4 29. Qxe4 Rd8 30. h3 c5 31. f5 exf5 32. Qh4 Re8 33. Qf6+ Kg8 34. Rxf5 Qxc4 35. e6 gxf5 36. Qxf7+ Kh8 37. Qxe8+ Kg7 38. Qf7+ Kh6 39. Qf6+ Kh5 40. Qxf5+ 1-0

[Event "9th Eksjo it"]
[Site "Eksjo SWE"]
[Date "1981.08.??"]
[Round "4"]
[White "Ornstein, Axel"]
[Black "Renman, Nils-Gustaf"]
[Result "1-0"]
[WhiteElo "2480"]
[BlackElo "2400"]
[EventDate "1981.08.19"]
[PlyCount "82"]

1. c4 Nf6 2. g3 c6 3. Bg2 d5 4. Nf3 g6 5. b3 Bg7 6. Bb2 O-O 7. O-O Bg4 8. Ne5 Nfd7 9. Nd3 dxc4 10. bxc4 e5 11. Nc3 Qc7 12. Ne4 Bf5 13. Ba3 Bxe4 14. Bxe4 Re8 15. Rb1 f5 16. Bg2 e4 17. Nf4 Na6 18. d3 Rad8 19. dxe4 Ndc5 20. Qc2 fxe4 21. Rbd1 Rxd1 22. Rxd1 e3 23. fxe3 Rxe3 24. Bc1 Re8 25. h4 Qe7 26. Bf3 Nd7 27. h5 gxh5 28. Nxh5 Be5 29. Qf5 Nac5 30. Ba3 Qf7 31. Bg4 Re7 32. Qg5+ Bg7 33. Bxc5 Re5 34. Qxg7+ Qxg7 35. Nxg7 Nxc5 36. Nh5 Kf7 37. Bf3 Re3 38. Nf4 Rc3 39. Nd3 Ne6 40. Rb1 Nd4 41. Rxb7+ Kf6 1-0

[Event "9th Eksjo it"]
[Site "Eksjo SWE"]
[Date "1981.08.??"]
[Round "4"]
[White "Rantanen, Yrjo"]
[Black "Spasov, Luben"]
[Result "1-0"]
[WhiteElo "2465"]
[BlackElo "2460"]
[EventDate "1981.08.19"]
[PlyCount "73"]

1. e4 c5 2. Nf3 d6 3. d4 cxd4 4. Nxd4 Nf6 5. Nc3 a6 6. f4 e5 7. Nf3 Nbd7 8. a4 Qc7 9. Bd3 Be7 10. O-O O-O 11. Kh1 b6 12. Qe1 Bb7 13. fxe5 Nxe5 14. Nd4 g6 15. Bg5 Nh5 16. Bh6 Rfe8 17. Qe2 Nf6 18. Rae1 Nfd7 19. Qf2 Bf8 20. Bxf8 Rxf8 21. Qg3 Nc5 22. Nf5 Qd8 23. Rd1 Kh8 24. Ne3 Ra7 25. Qf4 Ne6 26. Qf2 Nc5 27. b4 Ncxd3 28. cxd3 Ra8 29. Ned5 Rc8 30. Nf6 Rxc3 31. Qd2 Kg7 32. Qxc3 Qe7 33. Qd4 b5 34. axb5 axb5 35. Rd2 Ra8 36. Rdf2 Ra3 37. Ng4 1-0

[Event "9th Eksjo it"]
[Site "Eksjo SWE"]
[Date "1981.08.??"]
[Round "5"]
[White "Karlsson, Lars"]
[Black "Rantanen, Yrjo"]
[Result "1-0"]
[WhiteElo "2460"]
[BlackElo "2465"]
[EventDate "1981.08.19"]
[PlyCount "81"]

1. c4 g6 2. g3 Bg7 3. Bg2 Nc6 4. Nc3 a6 5. Nf3 e5 6. d3 Nge7 7. h4 h6 8. e4 d6 9. Be3 Nd4 10. Qd2 c6 11. Bxd4 exd4 12. Ne2 Qb6 13. Bh3 O-O 14. Bxc8 Raxc8 15. Nf4 d5 16. O-O dxe4 17. dxe4 Rcd8 18. Nd3 c5 19. Rfe1 Qc6 20. Nf4 Rfe8 21. Qd3 Nc8 22. e5 b5 23. b3 bxc4 24. bxc4 Ne7 25. e6 f6 26. Re2 g5 27. Nh5 Rd6 28. Rae1 Rb8 29. hxg5 hxg5 30. Nd2 Rdd8 31. Ne4 Rf8 32. f4 g4 33. Rh2 f5 34. Ng5 Bh8 35. Nf7 Bg7 36. Nf6+ Bxf6 37. Nh6+ Kg7 38. Nxf5+ Nxf5 39. Qxf5 Rh8 40. Qxg4+ Kf8 41. Rxh8+ 1-0

[Event "9th Eksjo it"]
[Site "Eksjo SWE"]
[Date "1981.08.??"]
[Round "5"]
[White "Nun, Josef"]
[Black "Ornstein, Axel"]
[Result "0-1"]
[WhiteElo "2390"]
[BlackElo "2480"]
[EventDate "1981.08.19"]
[PlyCount "90"]

1. d4 Nf6 2. Nf3 c5 3. c3 e6 4. Bg5 Be7 5. Nbd2 d5 6. e3 O-O 7. Bd3 b6 8. O-O Ba6 9. Bxa6 Nxa6 10. Ne5 Qe8 11. a4 Nb8 12. a5 Nfd7 13. axb6 Nxb6 14. Bxe7 Qxe7 15. dxc5 Qxc5 16. Qe2 Qc7 17. f4 N8d7 18. Nxd7 Nxd7 19. Nf3 Rfb8 20. Ra3 Nb6 21. Nd2 Nc8 22. Ra2 Nd6 23. e4 Qc5+ 24. Kh1 dxe4 25. Nxe4 Qd5 26. Ra4 Nxe4 27. Rd4 Qc6 28. Rxe4 Rxb2 29. Rxe6 Rxe2 30. Rxc6 a5 31. Ra1 a4 32. h3 h5 33. Ra3 Rd8 34. Rc5 Rd1+ 35. Kh2 Rdd2 36. Rxa4 Rxg2+ 37. Kh1 Rh2+ 38. Kg1 Rxh3 39. Ra8+ Kh7 40. Raa5 Kh6 41. Rc8 f6 42. Rh8+ Kg6 43. f5+ Kg5 44. Ra7 Kf4 45. Rxg7 Kf3 0-1

[Event "9th Eksjo it"]
[Site "Eksjo SWE"]
[Date "1981.08.??"]
[Round "5"]
[White "Renman, Nils-Gustaf"]
[Black "Schneider, Lars-Ake"]
[Result "1/2-1/2"]
[WhiteElo "2400"]
[BlackElo "2410"]
[EventDate "1981.08.19"]
[PlyCount "169"]

1. d4 Nf6 2. c4 e6 3. Nf3 b6 4. g3 Ba6 5. Qb3 c5 6. d5 exd5 7. cxd5 c4 8. Qe3+ Qe7 9. Nc3 Qxe3 10. Bxe3 Bb4 11. O-O-O Bxc3 12. bxc3 Bb7 13. Bd4 Nxd5 14. Bxg7 Rg8 15. Bd4 Nc6 16. Bg2 Nf4 17. gxf4 Rxg2 18. Bf6 Rg6 19. Bh4 Ne7 20. Bxe7 Bxf3 21. exf3 Kxe7 22. f5 Rf6 23. Rhe1+ Kd8 24. Rd5 d6 25. Re4 Rc8 26. Kd2 Rc5 27. Rxc5 dxc5 28. Rxc4 Rxf5 29. Ke3 Rh5 30. h4 f5 31. Ra4 a5 32. Rf4 Kd7 33. Kd3 Kd6 34. Ra4 Kd5 35. Rf4 Ke5 36. Rc4 Rh6 37. Ra4 Rd6+ 38. Ke2 h5 39. Rc4 Rc6 40. a4 Rg6 41. Kf1 Rg7 42. Ke2 Rg1 43. Kd2 Ra1 44. Ke3 Ra2 45. Kd3 Rb2 46. Ke3 Rc2 47. Kd3 Rxf2 48. Ke3 Rf1 49. Ke2 Rh1 50. Ke3 Kd5 51. Rf4 Ke6 52. Ke2 Ke5 53. Rc4 f4 54. Re4+ Kf5 55. Re8 Rxh4 56. Kd3 Rh2 57. Rf8+ Ke5 58. Re8+ Kf5 59. Rf8+ Kg5 60. Rg8+ Kh4 61. Ke4 Rc2 62. Kxf4 Rxc3 63. Rg6 Rb3 64. Ke4 c4 65. f4 c3 66. Rc6 Rb4+ 67. Ke5 Kg4 68. f5 Rf4 69. Rg6+ Kf3 70. Rc6 Kg4 71. Rg6+ Kf3 72. Rc6 Re4+ 73. Kd6 Re3 74. f6 Ke2 75. f7 Rf3 76. Ke7 Rxf7+ 77. Kxf7 Kd2 78. Rd6+ Kc1 79. Ke6 h4 80. Kd5 c2 81. Ke4 h3 82. Kf3 Kb2 83. Rxb6+ Ka3 84. Rc6 Kb2 85. Rb6+ 1/2-1/2

[Event "9th Eksjo it"]
[Site "Eksjo SWE"]
[Date "1981.08.??"]
[Round "5"]
[White "Spasov, Luben"]
[Black "Forintos, Gyozo"]
[Result "1/2-1/2"]
[WhiteElo "2460"]
[BlackElo "2460"]
[EventDate "1981.08.19"]
[PlyCount "25"]

1. Nf3 d5 2. d4 c5 3. c4 Nf6 4. cxd5 cxd4 5. Qxd4 Qxd5 6. Nc3 Qxd4 7. Nxd4 a6 8. g3 e5 9. Nc2 Nc6 10. Bg2 Be6 11. O-O Rd8 12. Bg5 Be7 13. Rfd1 1/2-1/2

[Event "9th Eksjo it"]
[Site "Eksjo SWE"]
[Date "1981.08.??"]
[Round "5"]
[White "Wedberg, Tom"]
[Black "Kaiszauri, Konstanty"]
[Result "0-1"]
[WhiteElo "2420"]
[BlackElo "2370"]
[EventDate "1981.08.19"]
[PlyCount "78"]

1. e4 Nf6 2. e5 Nd5 3. Qf3 e6 4. Qg3 c5 5. f4 Nc6 6. Nf3 d6 7. Bb5 Bd7 8. O-O Nxe5 9. fxe5 Bxb5 10. d3 Ne7 11. Nc3 Bc6 12. Bg5 Nf5 13. Qf2 Qc7 14. Ne4 dxe5 15. Rae1 h6 16. Bd2 O-O-O 17. g4 Nd6 18. Nxe5 Nxe4 19. Rxe4 Bxe4 20. Nxf7 Bd6 21. Nxh8 Bxd3 22. cxd3 Rxh8 23. Be3 b6 24. b4 Rf8 25. Qxf8+ Bxf8 26. Rxf8+ Kb7 27. b5 Qe7 28. Rg8 Qd7 29. a4 e5 30. h3 a6 31. Kh2 axb5 32. axb5 g5 33. Bf2 Qxb5 34. Rg7+ Ka6 35. Rg6 Qxd3 36. Rxh6 e4 37. Re6 Kb5 38. h4 Qe2 39. Rf6 e3 0-1

[Event "9th Eksjo it"]
[Site "Eksjo SWE"]
[Date "1981.08.??"]
[Round "6"]
[White "Kaiszauri, Konstanty"]
[Black "Spasov, Luben"]
[Result "1/2-1/2"]
[WhiteElo "2370"]
[BlackElo "2460"]
[EventDate "1981.08.19"]
[PlyCount "57"]

1. e4 c5 2. Nf3 d6 3. d3 Nc6 4. g3 g6 5. Bg2 Bg7 6. O-O e5 7. c3 Nge7 8. a3 O-O 9. b4 h6 10. Nbd2 Be6 11. Bb2 Qd7 12. Qe2 Rae8 13. b5 Nd8 14. d4 exd4 15. cxd4 Bh3 16. Bxh3 Qxh3 17. Nc4 Nc8 18. dxc5 dxc5 19. Bxg7 Kxg7 20. Qb2+ f6 21. e5 Qe6 22. Qc3 Nf7 23. Rfe1 Nb6 24. Na5 Nxe5 25. Nxe5 fxe5 26. Rad1 Nd5 27. Qc4 Rd8 28. Nxb7 Qf7 29. Nxd8 1/2-1/2

[Event "9th Eksjo it"]
[Site "Eksjo SWE"]
[Date "1981.08.??"]
[Round "6"]
[White "Moen, Ole Christian"]
[Black "Renman, Nils-Gustaf"]
[Result "0-1"]
[WhiteElo "2315"]
[BlackElo "2400"]
[EventDate "1981.08.19"]
[PlyCount "96"]

1. e4 e6 2. d4 d5 3. Nc3 Bb4 4. Bd3 dxe4 5. Bxe4 Nf6 6. Bf3 c5 7. Be3 cxd4 8. Qxd4 Qxd4 9. Bxd4 Nc6 10. Bxc6+ bxc6 11. a3 Be7 12. Na4 Nd7 13. Nf3 c5 14. Be3 Bb7 15. O-O-O Rc8 16. Nc3 Nb6 17. Rhg1 Nc4 18. Bf4 Bc6 19. Ne5 Nxe5 20. Bxe5 Rd8 21. Bxg7 Rg8 22. Be5 Rxg2 23. Rxg2 Bxg2 24. Rg1 Bc6 25. Rg8+ Bf8 26. Bf6 Rc8 27. Rh8 h6 28. Bg7 Ke7 29. Bxf8+ Rxf8 30. Rxh6 Rg8 31. Kd2 Rg1 32. Nd1 Rf1 33. Rh3 f5 34. c4 a5 35. Ke2 Rh1 36. f4 Bg2 37. Nf2 Rb1 38. Rh7+ Kd6 39. Nd1 Bf1+ 40. Kd2 Bxc4 41. h4 Bb3 42. Nf2 Rxb2+ 43. Ke3 Bc4 44. Kf3 Rb3+ 45. Kg2 Bd5+ 46. Kh2 c4 47. h5 c3 48. Rg7 Rb2 0-1

[Event "9th Eksjo it"]
[Site "Eksjo SWE"]
[Date "1981.08.??"]
[Round "6"]
[White "Ornstein, Axel"]
[Black "Wedberg, Tom"]
[Result "1-0"]
[WhiteElo "2480"]
[BlackElo "2420"]
[EventDate "1981.08.19"]
[PlyCount "57"]

1. Nf3 Nf6 2. g3 b6 3. Bg2 Bb7 4. O-O e6 5. c4 Be7 6. b3 O-O 7. Bb2 d5 8. cxd5 exd5 9. d3 c5 10. e3 Nc6 11. Nbd2 Re8 12. a3 Bd6 13. Qc2 Rc8 14. Rac1 Ba6 15. Rfd1 Ng4 16. d4 cxd4 17. Qf5 Nce5 18. Nxe5 Nxe5 19. Bxd4 Rxc1 20. Rxc1 Bd3 21. Qh5 Bg6 22. Qd1 Bxa3 23. Ra1 Qd6 24. Nb1 Bb4 25. Nc3 Nc6 26. Nxd5 Nxd4 27. Qxd4 Bc5 28. Qa4 f6 29. b4 1-0